000 02410nam a22003377a 4500
005 20150901100448.0
008 110919s2011 ck ab gr 00010 spa d
020 _a9789587196450
040 _aCO-BoIAVH
_cCO-BoIAVH
041 0 _aspa
044 _ack
082 0 4 _a363.7285
_bF71a
100 1 _aForero-González, Jorge.
245 1 0 _aAnálisis e implementación de la metodología EVIAVE para la evaluación del impacto ambiental de botaderos municipales :
_bestudio de caso en la jurisdicción de la CAR - Cundinamarca /
_cJorge Orlando Forero González
246 _aAnálisis e implementación de la metodología EVIAVE :
_bevaluación del impacto ambiental de botaderos municipales
260 _aBogotá:
_bUniversidad Nacional de Colombia. Instituto de Estudios Ambientales,
_c2011.
300 _a232 p. :
_bil., mapas ;
_c23 cm.
490 0 _aIdeas ;
_v20
502 _aTesis (Magíster en Medio Ambiente y Desarrollo). - - Universidad Nacional de Colombia. Instituto de Estudios Ambientales, 2009.
504 _aIncluye bibliografías.
505 0 _aReferentes de la problemática ; Justificación ; Objetivos ; Enfoque ambiental ; Antecedentes y marco conceptual ; Antecedentes ; Características de los residuos sólidos ; Los residuos sólidos en el contexto global ; La gestión ambiental ; Gestión integral de los residuos sólidos ; La evaluación del impacto ambiental EIA ; Los residuos sólidos en Colombia ; Generalidades ; Gestión de los residuos sólidos ; Las licencias ambientales ; Metodología ; Estudio de caso ; Hipótesis ; Fases del trabajo ; Metodología "EVIAVE - FUZZYNET" ; Resultados y análisis ; Vertederos del estudio de caso ; Análisis y aportes a EVIAVE para su implementación ; Evaluación ambiental de los vertederos ; Conclusiones.
650 4 _aVertederos de residuos
_x Investigaciones
_zCundinamarca (Colombia)
_vTesis y disertaciones académicas.
650 4 _aVertederos de residuos
_zCundinamarca (Colombia)
_vEstudio de casos.
650 4 _aAlmacenamiento de residuos.
650 4 _aResiduos sólidos
_xClasificación.
650 _aTratamiento de residuos
_xInvestigaciones.
650 4 _aGestión ambiental
_xMetodología.
650 4 _aEvaluación del impacto ambiental
_xMetodología.
650 4 _aGestión ambiental
_xInvestigaciones.
942 _2ddc
_cLIBRO
999 _c8732
_d8732